Statistics for The Weeknd Discography

Click here to take the quiz!

General Stats

  • This quiz has been taken 91 times
    (46 since last reset)
  • The average score is 9 of 10

Answer Stats

TypeYearName% Correct
Album2016Starboy
97%
Mixtape2011House of Balloons
95%
Mixtape2011Thursday
95%
Album2013Kiss Land
95%
Album2015Beauty Behind the Madness
95%
Album2020After Hours
95%
EP2018My Dear Melancholy,
92%
Compilation2012Trilogy
90%
Mixtape2011Echoes of Silence
87%
Compilation2018The Weeknd in Japan
31%

Score Distribution

Percentile by Number Answered

Percent of People with Each Score

Your Score History

You have not taken this quiz since the last reset